Las Relaciones USA - Latinoamérica
Salvato in:
| Autore principale: | |
|---|---|
| Natura: | testo |
| Tags: |
Aggiungi Tag
Nessun Tag, puoi essere il primo ad aggiungerne!!
|
MARC
| LEADER | 00000 a a2200000 04500 | ||
|---|---|---|---|
| 001 | 730 | ||
| 003 | |||
| 040 | |||
| 100 | |a Petras, James F | ||
| 245 | |a Las Relaciones USA - Latinoamérica | ||
| 773 | |g volumen 24, número 311; páginas 12-16 | ||
| 999 | |c 28692 |d 28692 | ||
| 773 | 0 | |0 42391 |9 8592 |a Agencia Latinoamericana de Información, ALAI |d Quito, Ecuador: ALAI |o 08340 |t ALAI: |x 08275564 (Servicio mensual de información y documentación) | |
